01027nam a2200217 i 450000100060000000300090000600500170001500700030003200800410003508000530007608001130012910000350024224501060027726000300038330000220041360001400043560000640057585200320063999900170067195201210068814476ES-MaACL20230906150825.0t|990324s1993 sp ||||1| spa d a821.134.2 Suárez de Figueroa, Cristóbal 5.06 a821.134.2 Fernández de Avellaneda, Alonso 7 Segundo tomo del ingenioso hidalgo don Quijote de la Mancha.061 aEspin Rodrigo, Enrique.94783013aEl Quijote de Avellaneda fue obra del doctor Christoval Suarez de Figueroa / cEnrique Espin Rodrigo. aMurcia : b[s.n., c1993] a159 p. ; c22 cm.14aFernández de Avellaneda, Alonso. tSegundo tomo del ingenioso hidalgo don Quijote de la Mancha-xCrítica e interpretación.94962614aSuarez de Figueroa, Cristóbal-xObras atribuidas.9108605 aES-MaACLjF-6483 bR.121486 c14476d14476 00104070aATENEOMbATENEOMcDEPO2d2008-01-17eSCl0oF-6483p1014724r2023-02-23 00:00:00w2023-02-23yMONOGRAFIA